City Comparisons - The Paris of... - Venice/New York/Paris Version - Statistics

General Stats
  • This quiz has been taken 5 times
  • The average score is 31 of 78
Answer Stats
Letter Hint Answer % Correct
A Venice of the North Amsterdam
100%
L New York of Europe London
100%
I New York between the continents Istanbul
75%
T New York of Asia Tokyo
75%
Z New York of the Alps Zurich
75%
A Paris of North Africa Algiers
50%
A New York of the Pacific Auckland
50%
B New York of South East Asia Bangkok
50%
B Venice of England Birmingham
50%
B Paris of the Benelux Brussels
50%
C New York of the Mid West Chicago
50%
D Venice of the East Dhaka
50%
E New York of West Canada Edmonton
50%
F Paris of the Renaissance Florence
50%
F New York of Kyushu Fukuoka
50%
G Venice of the Baltic Sea Gdansk
50%
G New York of Scotland Glasgow
50%
G Paris of Southern China Guangzhou
50%
H Venice of the North Hamburg
50%
H Paris of the East Hanoi
50%
H New York of Vietnam Ho Chi Minh City
50%
J New York of Indonesia Jakarta
50%
J Paris of South East Asia Jakarta
50%
K New York of Pakistan Karachi
50%
M New York of the Philippines Manila
50%
N New York of Central Japan Nagoya
50%
O New York of Scandinavia Oslo
50%
P New York of Central America Panama City
50%
R Paris of the Baltics Riga
50%
R New York of Arabia Riyadh
50%
S New York of Korea Seoul
50%
S Venice of Scandinavia Stockholm
50%
S Paris of the North St Petersburg
50%
U New York of the Steppe Ulaanbaatar
50%
V Paris of Spain Valencia
50%
V New York of Central Europe Vienna
50%
W Paris of the North Warsaw
50%
W New York of Central China Wuhan
50%
X Paris of Western China Xi'an
50%
Y New York of Myanmar Yangon
50%
C Paris of the Near East Cairo
25%
C Venice of the North Copenhagen
25%
D Paris of West Africa Dakar
25%
D New York of the Near East Dubai
25%
E Venice of Holland Enkhuizen
25%
E Paris of the Ruhr Essen
25%
F Venice of the US Fort Lauderdale
25%
I Venice of Persia Isfahan
25%
I Paris of the Aegean Izmir
25%
J Venice of Malaysia Johor Bahru
25%
K Venice of India Kochi
25%
K Paris of Eastern Europe Kyiv
25%
L Venice of Westphalia Lippstadt
25%
L Paris of Iberia Lisbon
25%
M Venice of Japan Matsue
25%
M Paris of North America Montreal
25%
N Venice of China Nanjing
25%
N Paris of the US New Orleans
25%
O Paris of the Black Sea Odessa
25%
O Venice of Florida Orlando
25%
P Venice of Lombardy Pavia
25%
P Paris of the Carribean Port-au-Prince
25%
Q Venice of China Qingdao
25%
Q Paris of Canada Quebec City
25%
Q New York of the Philippines Quezon City
25%
R Venice of Brazil Recife
25%
T Paris of the Caucasus Tbilisi
25%
T Venice of Venice Treviso
25%
U Venice of Swabia Ulm
25%
U Paris of the Netherlands Utrecht
25%
V Venice of California Venice Beach
25%
W Venice of Poland Wroclaw
25%
X New York of China Xiamen
25%
X Venice of China Xitang
25%
Y Paris of Japan Yokohama
25%
Y Venice of Flanders Ypres
25%
Z Paris of the Balkan Zagreb
25%
Z Venice of Eastern Africa Zanzibar City
25%
No matching quizzes found
Score Distribution
Percent of People with Each Score
Percentile by Number Answered
Your Score History
You have not taken this quiz